000 00579nam a2200193Ia 4500
005 20250508153358.0
008 008 250505s9999 xx 000 0 eng d
037 _aBooks to be hide in OPAC
040 _aFEDL
_beng
_cFEDL
041 _aeng
_2eng
084 _a378, UNI/O
_qFEDL
100 _aMartorana S V
245 0 _aSurvey of state legislation relating to higher education
245 0 _cU S Department of Health, Education, and Welfare
300 _a273p.
700 _a Hollis Ernest V
_9763828
942 _cHB
_h378, UNI/O
999 _c1342428
_d1342428